000 00667nam a2200289Ia 4500
005 20260324145906.0
008 008 260324s9999 xx 000 0 eng d
020 _a9780203712313
037 _aEBOOK
040 _aCRL
040 _beng
040 _cCRL
041 _2eng
041 _aeng
084 _qCRL
100 _aGordon J. Mogenson
_91224553
245 4 _aThe Neurobiology of Behavior
245 3 _bAn Introduction
260 _bTaylor and Francis
260 _c1977
365 _a
365 _b205
856 _uhttp://www.taylorfrancis.com/books/9780203712313
942 _cEBOOK
999 _c1833095
_d1833095